| 000 | 00000nam##2200000za#4500 |
| 001 | 9.643745 |
| 003 | CaOODSP |
| 005 | 20210624224320 |
| 007 | cr ||||||||||| |
| 008 | 150407|1984||||xxc|||||o f|0| 0 fre|d |
| 040 | |aCaOODSP|bfre |
| 043 | |an-cn--- |
| 086 | 1 |aMP43-157/1-1984F-PDF |
| 110 | 1 |aCanada. |bRessources humaines et développement des compétences Canada. |
| 245 | 10|aRapport de la Commission sur l'égalité en matière d'emploi / |h[ressource électronique]|cJuge Rosalie Silberman Abella, commissaire. |
| 246 | 14|aÉgalité en matière d'emploi : rapport d'une commission royale |
| 260 | |aOttawa - Ontario : |bRessources humaines et Développement des compétences Canada |cOctobre 1984. |
| 300 | |a149, 161, 125p.|btableaux |
| 500 | |aPublication historique numérisée en 2008 par le Bureau du Conseil privé du Canada. |
| 504 | |aBibliographie. |
| 590 | |a15-04-Supp|b2015-03-19 |
| 691 | 07|aCommission d'enquête|2gcpds |
| 691 | 07|aÉquité en matière d'emploi|2gcpds |
| 775 | 08|tReport of the Commission on Equality in Employment / |w(CaOODSP)9.699768 |
| 856 | 40|ahttp://publications.gc.ca|qPDF|s5.84 Mo|uhttps://publications.gc.ca/collections/collection_2014/rhdcc-hrsdc/MP43-157-1-1984-2-fra.pdf |
| 856 | 40|ahttp://publications.gc.ca|qPDF|s3.63 Mo|uhttps://publications.gc.ca/collections/collection_2014/rhdcc-hrsdc/MP43-157-1-1984-3-fra.pdf |
| 856 | 40|ahttp://publications.gc.ca|qPDF|s8.17 Mo|uhttps://publications.gc.ca/collections/collection_2014/rhdcc-hrsdc/MP43-157-1-1984-1-fra.pdf |